banner-ar

اجنحة الفراشة : (Record no. 60981)

MARC details
000 -الفاتح
حقل البيانات ثابتة الطول 00879nam a22002417a 4500
005 - وقت وتاريخ اخر تعامل مع التسجيلة
رقم الضبط 20240530110437.0
008 - عناصر البيانات ثابتة الطول - معلومات عامة
حقل البيانات ثابتة الطول 150414s2010 xxu g 000 0 eng d
017 ## - رقم الايداع القانونى
رقم الايداع القانونى 2010/23581
المصدر ( الهيئة المختصة) مصر . دار الكتب المصرية
020 ## - الرقم الدولى المعيارى للكتب
الرقم الدولى المعيارى للكتاب 9789774276519
040 ## - مصدر الفهرسة
وكالة الفهرسة الأصلية EG-CaGPL
082 04 - رقم تصنيف ديوى العشرى
رقم الطبعة 21
رقم التصنيف 813.083\
رقم المادة م أ
100 0# - المدخل الرئيسى - إسم شخصى
الإسم الشخصى محمد سلماوى
245 10 - بيان العنوان
العنوان اجنحة الفراشة :
بقية العنوان الرواية التى تنبات بثورة 25 يناير /
بيان المسئوليه,etc محمد سلماوى
250 ## - بيان الطبعة
بيان الطبعة ط4
260 ## - PUBLICATION, DISTRIBUTION, ETC. (IMPRINT)
تاريخ النشر أو التوزيع 2010.
300 ## - الوصف المادى
التعداد 191 ص ؛
أبعاد الوعاء 24 سم.
650 04 - المدخل الاضافى بالموضوع-مصطلح موضوعى
مصطلح موضوعي القصص العربية
650 04 - المدخل الاضافى بالموضوع-مصطلح موضوعى
مصطلح موضوعي الادب العربى
650 04 - المدخل الاضافى بالموضوع-مصطلح موضوعى
مصطلح موضوعي القصص العربية
التقسيم الفرعي العام ثورة 25 يناير
650 04 - المدخل الاضافى بالموضوع-مصطلح موضوعى
مصطلح موضوعي القصص العربية
942 ## - عناصر المدخل الإضافي( كوها)
مصدر التصنيف او مخطط الترفيف Dewey Decimal Classification
Koha [default] item type كتاب
260 ## - PUBLICATION, DISTRIBUTION, ETC. (IMPRINT)
-- القاهرة :
-- الدار المصرية اللبنانية ،
Holdings
حالة التراجع حالة الفقد حالة تلف ليس للاعارة المكان المؤقت الموقع الحالى تاريخ الاكتساب اجمالي اﻻعارات رقم الطلب الباركود تاريخ اخر مشاهدة تاريخ تفعيل السعر نوع وعاء كوها
        مكتبة القاهرة الكبرى مكتبة القاهرة الكبرى 04/14/2015   813.083\ م أ 160177 04/14/2015 04/14/2015 كتاب

Powered By

EGPV